000 02429nam a22002537a 4500
100 _aUllah, I
245 _aResearch hotspots and development trends in the rubber industry wastewater treatment: A quantitative analysis of literature
260 _bJournal of Rubber Research, 26(3): 249-260.
_c2023
300 _bAugust
520 _aWaste management and water scarcity are two unprecedented challenges to humanity. In recent years, steady growth has been observed in the development of different technologies for the treatment of industrial wastewater. However, conducting a quantitative analysis of literature published on rubber wastewater treatment is still a novelty. In this study, bibliometric and content analysis techniques are used to analyse literature related to rubber wastewater, published during the last 5 decades to unearth research trends in this field. For this, the Web of Science database was used to extract 462 relevant records. The parameters analysed in this analysis are annual publication output, publication patterns, leading countries and leading organisations. Furthermore, to map the research trends of the field, content analysis was also performed and the most frequent keywords, as well as research fronts of the field, were highlighted. Results show that about 48% of the literature was published during the last 5 years. Water Science & Technology and Bioresource Technology were spotted as the most famous journals. Furthermore, conducting kinetic studies and using silver nanoparticles, due to their exceptional antimicrobial properties, to enhance overall wastewater treatment performance are found research fronts in this field. The use of membranes to treat rubber wastewater has emerged as a promising option. However, some key challenges such as high installation and maintenance cost, membrane fouling and low membrane efficacy still need to be resolved. Furthermore, mathematical modeling and simulation of membrane technologies require further attention from the research community.
650 _aRubber industry
650 _aRubber effluents
650 _aWastewater treatment
650 _aBibliometrics
650 _aResearch trends
650 _aMembranes
650 _aSeparation technologies
700 _aZaidi, A.A
700 _aKumar, M
700 _aRasool, U
700 _aKim, B
856 _uhttps://doi.org/10.1007/s42464-022-00167-2
942 _cJS
999 _c75132
_d75132